[Event "Candidates Tournament"]
[Site "Berlin"]
[Date "2018.03.14"]
[Round "4"]
[White "Karjakin, Sergey"]
[Black "Aronian, Levon"]
[Result "0-1"]
[WhiteElo "2763"]
[BlackElo "2794"]
[Annotator "Sagar Shah"]
[PlyCount "136"]
[EventDate "2018.03.10"]
[EventType "tourn"]
[EventRounds "14"]
[EventCountry "GER"]
[EventCategory "22"]
[SourceTitle "CBM 184"]
[Source "ChessBase"]
[SourceDate "2018.05.16"]
[SourceVersion "1"]
[SourceVersionDate "2018.05.16"]
[SourceQuality "1"]

1. d4 Nf6 2. c4 e6 3. Nf3 d5 4. Nc3 Bb4 {It's always interesting to follow
Aronian's games from an event like the Candidates. So much is at stake here,
his unfulfilled ambition to get a match for the world title, it goes without
saying that the Armenian comes well prepared to his games.} 5. Bg5 dxc4 {
Now we are in Vienna territory.} (5... h6 {or Nbd7 is more common in the
Ragozin.}) 6. e4 c5 7. Bxc4 (7. e5 cxd4 8. Qa4+ (8. exf6 gxf6 9. Bh4 Nc6 $15)
8... Nc6 9. O-O-O Bd7 10. Ne4 Be7 11. exf6 gxf6 $44) 7... cxd4 8. Nxd4 Bxc3+ (
8... Qa5 {White has the additional option here to play} 9. Bd2 $5 Qc5 10. Bb5+
Bd7 11. Nb3 $11 {/+=}) 9. bxc3 Qa5 10. Bb5+ Nbd7 11. Bxf6 (11. O-O $6 Nxe4 $15)
11... Qxc3+ 12. Kf1 gxf6 13. h4 {The main move in the position. The idea is to
activate the rook via h3.} (13. Rc1 Qb4 14. Rxc8+ (14. h4 {is another line
albeit less popular.}) 14... Rxc8 15. Bxd7+ Kxd7 16. Nf5+ Kc7 $19) 13... Qb4 $5
{This has been played before by Aronian against Wesley So in Tata Steel 2017.
Even Harikrishna had tried it against Giri in March 2017. So we can be sure
that Sergey would not have been unprepared.} 14. Rb1 $6 {Sergey mixes up his
moves.} (14. Rh3 {is the main line} a6 15. Be2 Ne5 16. Rb1 Qd6 {we reach a
position that it quite interesting and has been seen in many of the top level
games.} 17. Rc3 $13) 14... Qd6 15. Rh3 a6 16. Be2 Nc5 $1 {Aronian immediately
understands that Karjakin has made an error in the move order and takes full
advantage of the same. Let us try to understand why the knight is ideally
placed on c5. Firstly the main threat is to play e5 and hit the knight on d4
and the rook on h3 and at the same time exchange the queens. At the same time
the knight on c5 attacks the pawn on e4.} (16... Ne5 {would lead to the main
line, but now there is no need for this. The knight is much better placed on
c5.}) 17. Rc3 (17. Nb3 {is quite a timid move and after} Qxd1+ 18. Rxd1 Nxe4
19. Rhd3 Ke7 $1 $15 {Black should be better, although to convert this into a
win is an altogether different matter.}) 17... Nxe4 {As Karjakin said after
the game - It is quite depressing to have the white pieces and be worse just
ten minutes into the game!} 18. Rd3 {Black is quite underdeveloped, but White
has no real tactics. If White cannot stir up anything soon, two extra pawns
will soon tell.} O-O 19. Qc1 (19. Nf5 Qh2 $19) (19. Kg1 e5 20. Nf5 Qc5 $17)
19... Qe5 (19... Qh2 20. Rh3 Qe5 $17 {was more accurate.}) 20. Bf3 f5 21. Qh6
$6 {This allows Black to exchange the queens.} (21. Qe3 {This is of course,
not so great for White, but it keeps up the pressure and keeps the game going.}
) 21... Qf6 $1 22. Qxf6 (22. Qe3 Qxh4 $17 {Giving up another pawn would be a
bit too much.}) (22. Qf4 e5 $19) 22... Nxf6 23. Bxb7 Bxb7 24. Rxb7 {White has
recovered a pawn, but the position has simplified and this makes Aronian's
task of converting the extra pawn quite easy.} Rac8 25. Rg3+ Kh8 26. Rgb3 Ne4
27. Rb2 Rfd8 {Black is fully mobilised.} 28. Nb3 (28. Rxf7 Rxd4 29. Rbb7 Rc1+
30. Ke2 Rd2+ 31. Ke3 Re1+ 32. Kf4 Rxf2+ 33. Ke5 Rxg2 $19) 28... Rd1+ 29. Ke2
Nc3+ 30. Ke3 Kg7 $1 {Black is not only a pawn up, but also has the more active
pieces.} 31. g3 Kf6 (31... a5 $1 32. Nxa5 Rd5 $1 {Threatening the knight and
also Nd1+}) 32. Ra7 Rc6 33. Kf3 Nb5 34. Ra8 e5 35. Kg2 e4 36. a4 Na3 37. Rd2
Rxd2 38. Nxd2 e3 $1 39. Nf3 (39. fxe3 Rc2 40. Rxa6+ (40. Rd8 Nc4 $19) 40... Kg7
41. Kf3 Rxd2 42. Kf4 Rf2+ 43. Ke5 $19 {This should be winning for Black.})
39... Rc2 40. Rxa6+ Kg7 41. Nd4 Rxf2+ 42. Kg1 Nc2 43. Nxc2 Rxc2 44. Kf1 Rf2+
45. Ke1 Rg2 46. Rb6 Rxg3 47. Rb4 Rg2 48. Rf4 Kg6 49. Rf3 Rg4 50. Rxe3 Rxa4 51.
Kf2 Rxh4 {Although the remaining pawns are f- and h-pawns, the fact that Black
has doubled f-pawns means that he is clearly winning.} 52. Re8 Rg4 53. Kf3 Kg7
54. Re5 Kf6 55. Re8 h5 56. Rh8 Kg6 57. Kf2 Rg5 58. Kf3 Kg7 59. Ra8 h4 60. Kf2
h3 61. Ra3 Rh5 62. Kg1 Kg6 63. Kh2 f4 64. Ra7 f3 65. Ra1 f2 66. Rf1 Rf5 67.
Kxh3 Kg5 68. Kg3 Rf4 0-1

[Event "Candidates Tournament"]
[Site "Berlin"]
[Date "2018.03.10"]
[Round "1"]
[White "Karjakin, Sergey"]
[Black "Mamedyarov, Shakhriyar"]
[Result "0-1"]
[WhiteElo "2763"]
[BlackElo "2809"]
[Annotator "Marin,M"]
[PlyCount "142"]
[EventDate "2018.03.10"]
[EventType "tourn"]
[EventRounds "14"]
[EventCountry "GER"]
[EventCategory "22"]
[SourceTitle "CBM 184"]
[Source "ChessBase"]
[SourceDate "2018.05.16"]
[SourceVersion "1"]
[SourceVersionDate "2018.05.16"]
[SourceQuality "1"]

1. e4 {Quintiliano,R} e5 2. Nf3 Nc6 3. Bb5 g6 {This is not part of
Mamedyarov's main repertoire, but as in the past he had worked as Karjakin's
second he tried surprising him.} 4. c3 {Quintiliano,R: 'Karjakin had faced
this line two years ago against Carlsen. This time he goes for the main move.'}
a6 5. Bxc6 $5 (5. Ba4 d6 {may transpose to a Steinitz Variation Deferred,
which I have started examining in a first article published on this same DVD
and which has occasionally been played by Mamedyarov.}) 5... dxc6 6. d4 (6.
Nxe5 {offers Black excellent play:} Qg5 7. d4 (7. Nf3 Qxg2 8. Rg1 Qh3 9. d4 Nf6
$36) 7... Qxg2 8. Qf3 Qxf3 9. Nxf3 Bg4 (9... f5 $5) (9... Nf6 10. Nbd2 c5 $15)
10. Ne5 Be6 11. Be3 Bg7 12. Nd3 O-O-O 13. Nd2 Nf6 14. f3 Rhe8 15. h4 Nh5 16.
Kf2 f5 $11 {Bortnyk,M (2416)-Bogdanovich,S (2590) Lutsk 2016 (0-1, 62)}) ({
A different move order, with possible transposition to deviations from the
game line is} 6. O-O Bg7 7. d4 exd4 8. cxd4 ({After having weakened the light
squares with c2-c3 it does not make sense taking back with pieces:} 8. Nxd4 c5
9. Nb3 b6 10. Qxd8+ Kxd8 11. Bg5+ f6 12. Rd1+ Bd7 13. Bf4 Kc8 14. Na3 Be6 15.
Nc2 Ne7 16. Rd2 Nc6 $15 {Zapata,A (2420)-Bruzon Batista,L (2650) Medellin 2017
(0-1, 38)}) 8... Ne7 9. Nc3 Bg4 {This is a position which Mamedyariv was
probably heading for in the game.} 10. Be3 (10. Bf4 O-O 11. h3 Bxf3 12. Qxf3
Bxd4 13. Rad1 c5 14. b4 b6 15. bxc5 bxc5 16. Na4 Qe8 {Black's position is more
resilient than it may look at first sight.} 17. Qa3 Qc6 18. Rxd4 cxd4 19. Qxe7
Rfe8 20. Qa3 Rxe4 21. Rc1 Qe8 $13 22. Bxc7 $2 d3 $19 {Volokitin,A (2652)
-Stevic,H (2539) Celje 2004 (½-½, 46) The d-pawn is too strong now}) 10...
O-O 11. h3 Bxf3 12. Qxf3 f5 13. Bg5 {Chandler,M (2535)-Spassky,B (2610) Vienna
1986 (½-½, 18)} fxe4 14. Qxe4 Rf7 $11 15. Rfe1 Qd7 16. Bxe7 Re8) 6... exd4 7.
cxd4 ({Once again, it makes no sense transpsoing to an Exchange Spanish
structure:} 7. Qxd4 Qxd4 8. Nxd4 Bd7 9. Be3 O-O-O 10. Nd2 c5 11. N4b3 b6 12.
O-O-O Re8 13. f3 h5 14. h4 a5 15. Nf1 Bg7 16. Nbd2 Ne7 17. Bf4 Be6 18. a3 Nc6
19. Ne3 Ne5 20. Kc2 a4 $15 {Stanojoski,Z (2415)-Romanov,E (2636) Skopje 2014 
(0-1, 57)}) 7... Bg4 {Mamedyarov confessed that he did not remember what he
had analysed exactly.} ({He thought it could have been} 7... Bg7 {but then
White can avoid a transposition above with} 8. h3 $5 Ne7 9. Nc3 O-O 10. O-O h6
11. Bf4 g5 12. Be5 Ng6 13. Bxg7 Kxg7 14. d5 $14 {Naiditsch,A (2710)-Stevic,H 
(2616) Bol 2014 (1-0, 40)}) 8. Qb3 $5 $146 {Karjakin thought for a long time
before delivering his novelty. Mamedyarov took it as a sign that the position
was not familiar to his opponent, while Karjakin refrained from any comment.} (
8. Be3 Bg7 9. Nc3 {would transpose above.}) 8... Bxf3 9. gxf3 Bg7 10. Be3 (10.
Qxb7 {Quintiliano,R} Ne7 $44 {looks pleasant for Black, his development is
almost finished while White has only made moves with the queen.}) 10... Ne7 11.
Nc3 {For the time being both sides are interested in completing their
development, ignoring the hanging pawns. But now Mamedyarov felt he should
take a concrete decision.} Bxd4 ({He disliked} 11... O-O 12. O-O-O {with
serious attacking chances.}) 12. Bxd4 $6 {This activates Black's play leaving
White in a dangerous position.} ({Mamedyarov suggested} 12. O-O-O $1 {, very
much in his style and seemingly the best objectively.} c5 (12... Bxe3+ $6 13.
fxe3 Qc8 14. h4 {offers White too great an attack for the pawn:} h5 15. Ne2 $1
O-O 16. Nf4 $16 {Black's kingside is under serious pressure and his knight has
no good squares.}) 13. Ne2 Nc6 14. Qxb7 Na5 {Karjakin refrained from this line
when reaching this position but actually White seems to keep an edge:} 15. Qd5
Qxd5 16. exd5 Bxe3+ {Otherwise the c5-pawn would be lost, with just some
compensation for Black on account of the weak kingside pawns.} 17. fxe3 Nc4 18.
Nc3 $14 {With the better structure for White.}) (12. Rd1 $6 {is less effective:
} c5 13. Qxb7 (13. Ne2 Nc6 14. Qxb7 Na5 {is less favourable for White than in
the similar line above as after} 15. Qd5 Qxd5 16. exd5 {Black has} Bxb2 $1)
13... O-O 14. Ne2 (14. Na4 Qd6 15. Nxc5 Nc6 $15 {was indicated by Mamedyarov})
14... Qd6 15. Nxd4 cxd4 16. Rxd4 Qf6 17. Qxc7 Nc6 18. Rd1 Qxf3 {with a
probable draw:} 19. O-O Rfe8 ({More restrictive than} 19... Qxe4 20. Qf4 Qxf4
21. Bxf4 {which should also be equal.}) 20. Qxc6 Qg4+ {with a perpetual.})
12... Qxd4 13. Qxb7 O-O 14. Qxc7 {The only reason why White is not lost here
is that the black knight is passive. But still, Black has a dangerous
initiative against the uncastled enemy king.} Rab8 ({Actually now was the
moment when Black could activate his knight with:} 14... Nd5 $1 15. Nxd5 $1 (
15. exd5 Qd3 16. Nd1 Rab8 $1 {This was indicated by Mamedyarov as leading to a
draw, but he underestimated Black's attack:} 17. b3 Rfe8+ 18. Ne3 {He probably
considered only the sacrifice on e3 leading to a perpetual after the weakening
of the c3-square. But the next move brings new resources into the attack.} Rb4
$3 19. Qxc6 Rxe3+ 20. fxe3 Qxe3+ 21. Kd1 Rd4+ 22. Kc2 Rd2+ 23. Kb1 Qd4 24. Qc2
Rxc2 25. Kxc2 Qxd5 $17) 15... cxd5 16. Qc3 {With a probable draw according to
Mamedyarov.}) 15. O-O Rxb2 16. Qxe7 {Karjakin confessed that he played this
aiming to ensure a draw. His decision was correct but he played inaccurately
later.} ({While I was watching the game live my main candidate was:} 16. Nd1
Rd2 17. Ne3 $11 {which seems to be safe enough, as Black still has problems
with his knight.}) 16... Qxc3 17. Kg2 Rc2 18. Rad1 ({Karjakin complained that
he did not insert} 18. h4 h5 {before playing in similar way to the game. The
difference is that after} 19. Rad1 Rxa2 20. Rc1 Rc2 21. Rxc2 Qxc2 22. Ra1 Qc4
23. Qb7 Qb5 24. Qxa6 $11 {[%csl Gg5] Black has no check on g5. But even after
the last move he should not be in danger yet.}) 18... Rxa2 19. Rc1 Rc2 20. Rxc2
Qxc2 21. Ra1 Qc4 22. Qb7 $6 {Only this move causes White problems.} ({He need
not have forced matters as Black is poorly coordinated. There are several
neutral moves such as} 22. Ra5 $11 {, preventing ...Qb5, most of them leading
to dynamic equality. If Black tries activating his rook White would have
chances for a perpetual.}) 22... Qb5 23. Qxa6 Qg5+ $1 24. Kf1 Qf6 25. Kg2 Rb8
$15 {Due to his passed pawn and the exposed position of the enemy king Black
has some chances now.  Quintiliano,R: 'Since from Alekhine's games, we know
how powerful the combination Q+R can be in such endgames. The king's safety is
a very important factor here, and this means that White's king's vulnerability
gives Black better chances.'} 26. Ra5 $6 {Trying to defend the fifth rank. 
Quintiliano,R: 'Karjakin is for sure one of the best players (and probably the
best) in the subject of offering long resistance in difficult positions. But
here White should had gone for active defence. But even knowing it, the
sequence requires precise calculation.'} ({It was better to defend the third
rank with} 26. Ra3 $5 {but one needs good nerves to play the position after}
Qg5+ (26... Rb5 {Quintiliano,R} 27. Qc8+ Kg7 28. Ra8 $3 {[%cal Gc8h8] as said
before, the king's safety is the most important factor in such positions!} Rg5+
29. Kf1 Kh6 (29... Qxf3 30. Qf8+ Kf6 31. Qh8+ Ke6 32. Qd4 $1 $18 {[%cal Ga8e8]
with a beautiful and geometrical win}) 30. Qf8+ Kh5 31. Qh8 $1 Qxf3 32. Qxh7+
Kg4 33. h3+ $1 {forcing the exchange of queens and going to a rook endgame
that should be drawish} Qxh3+ 34. Qxh3+ Kxh3 35. Rf8 $11) 27. Kh3) 26... Rb3
27. Qc8+ {Quintiliano,R: 'And this allows another idea for Black.'} (27. Qe2
$142 {Quintiliano,R} h5 $15) 27... Kg7 28. Qg4 Rb5 $1 $17 {Overlooked by
Karjakin. Black gets a very promising queen ending now.  Quintiliano,R:
'Mamedyarov shows excellent technique in the transformation of advantages, and
also flexible thinking. With the white pieces close to the king, a direct
attack wouldn't be so effective anymore, but instead Black can play this queen
endgame with a definite advantage and good winning chances.'} 29. Rxb5 cxb5 30.
Qd7 Qg5+ 31. Kf1 {Both players agreed that from a practical point of view
Black should win this ending but Mameduarov was not happy with his play in the
next phase.} Qe5 (31... Qc5 {seems a better way to ensure the advance of the
pawn.}) 32. h4 (32. Qd2 Qc5 (32... Qxh2 33. Qb2+ {retrieves the pawn.}) 33. Qa5
{would have caused more problems.}) 32... b4 33. Qb7 Qc3 34. e5 b3 {The pawn
has advanced much faster than White would have liked it. His only chances are
connected with e5-e6, but this needs preparing.} 35. Kg2 (35. e6 $2 Qc4+) 35...
Qc4 36. Qb6 h6 37. Kg3 Qd5 38. f4 Kh7 39. Qb8 Qc4 (39... Qd3+ 40. f3 Qe3 41.
Qf8 Qa7 42. Qb4 Qg1+ 43. Kh3 Qe3 $17 {would be almost an exact transposition
to the later phase of the game, with the difference that the black king is on
h7 instead of g7.}) 40. f3 {Quintiliano,R: 'Seemingly, White would have to
play this move sooner or later.'} Qc3 41. Qf8 Qc4 42. Qb8 Kg7 43. Qb6 Qd5 44.
Qb8 Qd1 45. Qb7 Qg1+ 46. Kh3 Qe3 47. Kg2 Qe2+ 48. Kg3 Qe1+ 49. Kg2 $2 {
Karjakin rightly criticised his move.} ({He recommended} 49. Kh3 Qe3 50. Kg2 {
when due to the permanent threat e5-e6 White should hold.}) 49... Qe3 $1 {
Overlooked by Karjakin.  Quintiliano,R: 'Reaching the same position as on move
47, but with White to move.'} 50. Qb4 (50. Kg3 g5 51. hxg5 hxg5 52. fxg5 Qxe5+
53. Kg2 b2 $19 {and with the white king exposed the pawn would promote soon.})
50... g5 $1 {The best chance, weakening the enemy king.} 51. hxg5 hxg5 52. fxg5
Qe2+ 53. Kg3 Qxe5+ $6 {Letting the favourable moment slip away.} (53... b2 $1 {
would have more or less won. White could try} 54. e6 {but after} Qe5+ 55. Kg2
fxe6 {the danger of a perpetual would disappear. Black would activate his king
with ...Kg6 with every chance to win.}) 54. Kf2 (54. Kg4 b2 $19) (54. f4 $5 Qd5
55. Qc3+ Kh7 56. Qf6 $11) 54... Qh2+ (54... b2 55. f4 $1 b1=Q 56. Qxb1 Qxf4+
57. Ke2 Qxg5 58. Kf3 $11) 55. Ke3 Qg1+ 56. Kf4 Qc1+ 57. Kg4 Qe3 58. Kg3 $2 {
Hard to say why Karjakin left his pawn under attack.} (58. f4 $11) 58... Qxg5+
59. Kf2 Qd5 60. Ke3 Kg6 {The rest is a matter of relatively simple technique.
The king is heading for the queenside, being sustained by the perfectly
centralised queen.} 61. Ke2 Kf6 62. Ke3 Ke6 63. Qb6+ Kd7 64. Qa7+ Kc6 65. Qa6+
Kc5 66. Qa4 Qc4 67. Qa5+ Kc6 68. Qa1 Kb5 69. Qb2 Kb4 70. Kd2 Qf4+ 71. Ke1 Qh4+
{White loses his queen or gets mated so Karjakin resigned.} 0-1

[Event "Candidates Tournament"]
[Site "Berlin"]
[Date "2018.03.24"]
[Round "12"]
[White "Karjakin, Sergey"]
[Black "Caruana, Fabiano"]
[Result "1-0"]
[WhiteElo "2763"]
[BlackElo "2784"]
[Annotator "Yermolinsky,A"]
[PlyCount "95"]
[EventDate "2018.03.10"]
[EventType "tourn"]
[EventRounds "14"]
[EventCountry "GER"]
[EventCategory "22"]
[SourceTitle "CBM 184"]
[Source "ChessBase"]
[SourceDate "2018.05.16"]
[SourceVersion "1"]
[SourceVersionDate "2018.05.16"]
[SourceQuality "1"]

1. e4 e5 2. Nf3 Nf6 3. Nxe5 d6 4. Nf3 Nxe4 5. Nc3 Nxc3 6. dxc3 {Karjakin has
had a lot of success in this line, which he has always played against the
Petroff since the early days of his career. Among others, Sergey has defeated
Kramnik and Gelfand. Interestingly enough, three of his losses came at the
hands of another participant in this tournament, Shakhriyar Mamedyarov!} Nc6 7.
Be3 Be7 8. Qd2 Be6 9. O-O-O Qd7 10. a3 $5 {Not a very popular move, but
Karjakin had a plan.} ({Since Fabiano does not employ the Petroff that often,
he has faced this position only once. Vachier-Lagrave (London Classic 2016)
played} 10. b3 O-O-O 11. Nd4 {and here Fabiano replied with} a6 $5 12. Nxe6
fxe6 {giving White the bishop pair. Eventually, the game was drawn, as MVL had
to worry about his king safety.}) ({White shouldn't hurry with} 10. Nd4 {
as Black can change his plans regarding his king's placement:} Nxd4 11. Bxd4
Qa4 12. a3 O-O) 10... h6 (10... O-O-O 11. Nd4 Nxd4 $2 12. Bxd4 {double attacks
on a7 and g7.}) 11. Nd4 Nxd4 ({Now} 11... O-O-O 12. Nxe6 fxe6 13. g3 d5 {
doesn't look so attractive to Black who doesn't have any play against the
white king on the dark squares.}) 12. Bxd4 Rg8 13. Be2 c5 {Practically forced.}
({Else} 13... b6 14. c4 O-O-O 15. Rhe1 {offers White some edge due to the
drafty residence of the black king.}) 14. Be3 d5 15. f4 O-O-O 16. Bf3 Bg4 {
[#] Fabiano is looking to relieve pressure by trading bishops.} ({Black had} 
16... f5 {but that would mean accepting a slightly worse position for many
moves to come.}) 17. Bxd5 $3 {Excellent decision from Sergey, who really knows
how to handle decisive games. The value of this move lies in creating an
extremely unpleasant situation for Fabiano. Objectively Black may not be much
worse, but he finds it hard to develop any play.} ({Of course, not} 17. Qxd5 $2
Qxd5 18. Rxd5 Bxf3 19. Rxd8+ Rxd8 20. gxf3 Rd5) 17... Bxd1 18. Rxd1 Qc7 19. c4
Rge8 20. Qf2 b6 ({Perhaps} 20... f5 {was the better choice.}) 21. g4 $1 (21.
Bxf7 $2 {falls into a trap:} Rxd1+ 22. Kxd1 Bh4) 21... Bf6 (21... Bd6 {can be
answered by} 22. Kb1 {since now} Rxe3 23. Qxe3 Bxf4 24. Qd3 $1 Kb8 (24... Bxh2
$4 25. Bb7+) 25. h3 {offers White long-term attacking chances. With
opposite-coloured bishops safety of the kings is paramount.}) 22. Kb1 Rd7 23.
Rd3 {Imagine yourself in Caruana's place. He has no active play and he has to
wait and see while Karjakin improves his position. Eventually White can strike
with b2-b4 or advance his h-pawn.} g5 $6 {I can understand why Fabiano played
this move, but it's just not good enough.} 24. Ka2 Ree7 25. Qf3 Kd8 26. Bd2 Kc8
27. Qf1 $1 Rd6 {Now White wins the second pawn, and, more importantly, gets a
passer on the h-file.} ({On} 27... Kd8 28. Rh3 {breaks down Black's defences.})
28. fxg5 Bxg5 29. Bxg5 hxg5 30. Qf5+ Rdd7 31. Qxg5 Qe5 32. Qh6 Kd8 ({The
endgame after} 32... f6 33. h4 Kc7 34. g5 Rh7 35. Qg6 Rdg7 36. Qxf6 Qxf6 37.
gxf6 Rd7 38. f7 Rd8 39. Rf3 Rf8 40. Rf4 {is near hopeless for Black, as his
rooks are doomed to passivity.}) 33. g5 $1 {In mild time trouble (actually,
Caruana had less time) Karjakin remains precise.} Qd6 34. Qh8+ Re8 35. Qh4 Qg6
36. Qg4 Re5 37. h4 Ke7 38. Rd2 {Not a bad move,} ({while both} 38. Qg3 Qf5 39.
Rf3) ({and the immediate} 38. Bxf7 Qf5 (38... Qf5) 39. Rxd7+ Kxd7 40. Qd1+ {
were also winning.}) 38... b5 {[#] Now Sergey finds a techical solution, which
wins slowly but surely.} 39. Bxf7 $5 Qf5 40. Rxd7+ Kxd7 41. Qxf5+ Rxf5 42. g6
Ke7 43. cxb5 Rh5 44. c4 Rxh4 45. a4 Rg4 46. a5 Kd6 47. a6 Kc7 48. Kb3 {The
white king simply marches on to the K-side, while Black's defences are
hopelessly stretched.} 1-0